00592 2200229 4500001002100000005001500021035002000036007000300056008004100059020002200100082001200122084001800134100002300152245004500175250001100220260004800231300002900279600002100308990001000329990001100339990001200350INLIS00000000000479320191219115710 a0010-1219000245ta191219 g 0 ind  a978-979-655-927-5 a332.024 a332.024 KIY r0 aKiyosaki, Robert T1 aRich Dad, Poor Dad /cRobert T. kiyosaki acet.23 aJakarta :bPT Gramedia Pustaka Utama,c2007 axi,235 hlm ;c15 x 23 cm 4aKEUANGAN PRIBADI a10517 a10517A a10517 c